[Event "European Online Club-ch-B 2021"]
[Site "Online"]
[Date "2021.03.27"]
[Round "3.13"]
[White "Gorodetzky, David"]
[Black "Sorensen, Hampus"]
[Result "0-1"]
[WhiteElo "2495"]
[BlackElo "2395"]
[Annotator "ChessBase"]
[PlyCount "118"]
[EventDate "2021.03.27"]
[EventType "team-tourn"]
[EventCountry "NET"]
[SourceTitle "playchess.com"]
[Source "ChessBase"]
[SourceQuality "1"]
[TimeControl "900+5"]

1. b3 {[%emt 0:00:00]} d5 {[%emt 0:00:20]} 2. Bb2 {[%emt 0:00:03]} Nf6 {[%emt 0:00:12]} 3. Nf3 {[%emt 0:00:02]} Bg4 {[%emt 0:00:26]} 4. g3 {[%emt 0:00:02]} Bxf3 {[%emt 0:00:21]} 5. exf3 {[%emt 0:00:00]} Nbd7 {[%emt 0:00:06]} 6. d4 {[%emt 0:00:03]} g6 {[%emt 0:00:15]} 7. f4 {[%emt 0:00:02]} Bg7 {[%emt 0:00:02]} 8. Bg2 {[%emt 0:00:01]} O-O {[%emt 0:00:03]} 9. Nd2 {[%emt 0:00:01]} e6 {[%emt 0:00:24]} 10. O-O {[%emt 0:00:04]} c5 {[%emt 0:00:10]} 11. c4 {[%emt 0:00:03]} Qb6 {[%emt 0:00:33]} 12. cxd5 {[%emt 0:00:52]} exd5 {[%emt 0:00:46]} 13. dxc5 {[%emt 0:00:35]} Nxc5 {[%emt 0:00:07]} 14. Nf3 {[%emt 0:00:12]} Rfd8 {[%emt 0:00:50]} 15. Bd4 {[%emt 0:00:14]} Qa5 {[%emt 0:00:33]} 16. Rc1 {[%emt 0:00:34]} Ne6 {[%emt 0:00:04]} 17. Bc3 {[%emt 0:00:08]} Qa6 {[%emt 0:01:07]} 18. Nd4 {[%emt 0:00:35]} Ne4 {[%emt 0:00:23]} 19. Ba1 {[%emt 0:00:20]} Rd7 {[%emt 0:01:32]} 20. f5 {[%emt 0:02:02]} Nxd4 {[%emt 0:00:09]} 21. Bxd4 {[%emt 0:00:02]} Bxd4 {[%emt 0:00:15]} 22. Qxd4 {[%emt 0:00:00]} gxf5 {[%emt 0:00:22]} 23. f3 {[%emt 0:00:51]} Ng5 {[%emt 0:00:30]} 24. Rfe1 {[%emt 0:00:21]} Qb6 {[%emt 0:00:16]} 25. Red1 {[%emt 0:00:27]} Qxd4+ {[%emt 0:01:27]} 26. Rxd4 {[%emt 0:00:00]} Ne6 {[%emt 0:00:01]} 27. Rb4 {[%emt 0:00:51]} f4 {[%emt 0:00:36]} 28. Kf2 {[%emt 0:00:27]} fxg3+ {[%emt 0:00:30]} 29. hxg3 {[%emt 0:00:15]} b6 {[%emt 0:00:07]} 30. Rd1 {[%emt 0:00:17]} Rc8 {[%emt 0:00:11]} 31. Rd2 {[%emt 0:00:01]} Rc5 {[%emt 0:00:14]} 32. f4 {[%emt 0:00:15]} Kg7 {[%emt 0:00:15]} 33. f5 {[%emt 0:01:14]} Ng5 {[%emt 0:00:39]} 34. Rbd4 {[%emt 0:01:10]} Kf6 {[%emt 0:00:02]} 35. g4 {[%emt 0:00:14]} Ke5 {[%emt 0:00:06]} 36. Kg3 {[%emt 0:01:51]} h6 {[%emt 0:00:32]} 37. R2d3 {[%emt 0:03:17]} Ra5 {[%emt 0:00:36]} 38. a4 {[%emt 0:00:18]} Rc5 {[%emt 0:00:08]} 39. b4 {[%emt 0:00:14]} Rcc7 {[%emt 0:00:22]} 40. Rxd5+ {[%emt 0:00:05]} Rxd5 {[%emt 0:00:02]} 41. Rxd5+ {[%emt 0:00:00]} Kf6 {[%emt 0:00:02]} 42. Rd6+ {[%emt 0:00:13]} Ke7 {[%emt 0:00:24]} 43. Rxh6 {[%emt 0:00:10]} Rc4 {[%emt 0:00:04]} 44. Bd5 {[%emt 0:00:07]} Rxb4 {[%emt 0:00:05]} 45. f6+ {[%emt 0:00:02]} Kd6 {[%emt 0:00:03]} 46. Bg2 {[%emt 0:00:10]} Rxa4 {[%emt 0:00:06]} 47. Rh5 {[%emt 0:00:01]} Ne4+ {[%emt 0:00:08]} 48. Bxe4 {[%emt 0:00:08]} Rxe4 {[%emt 0:00:01]} 49. Kf3 {[%emt 0:00:02]} Re1 {[%emt 0:00:15]} 50. g5 {[%emt 0:00:07]} Ke6 {[%emt 0:00:09]} 51. Kf4 {[%emt 0:00:06]} Rf1+ {[%emt 0:00:04]} 52. Ke4 {[%emt 0:00:06]} Rf5 {[%emt 0:00:14]} 53. Ke3 {[%emt 0:00:04]} a5 {[%emt 0:00:05]} 54. Kd4 {[%emt 0:00:05]} b5 {[%emt 0:00:02]} 55. Ke4 {[%emt 0:00:01]} b4 {[%emt 0:01:28]} 56. Kd4 {[%emt 0:00:06]} a4 {[%emt 0:00:01]} 57. Kc4 {[%emt 0:00:08]} Rf4+ {[%emt 0:00:03]} 58. Kb5 {[%emt 0:00:04]} b3 {[%emt 0:00:01]} 59. Rh1 {[%emt 0:00:07]} a3 {[%emt 0:00:07]} 0-1

[Event "European Online Club-ch-B 2021"]
[Site "Online"]
[Date "2021.03.27"]
[Round "3.14"]
[White "Agrest, Inna"]
[Black "Parkhov, Yair"]
[Result "1/2-1/2"]
[WhiteElo "2285"]
[BlackElo "2407"]
[Annotator "NA"]
[PlyCount "83"]
[EventDate "2021.03.27"]
[EventType "team-tourn"]
[EventCountry "NET"]
[SourceTitle "playchess.com"]
[Source "ChessBase"]
[SourceQuality "1"]
[TimeControl "900+5"]

1. e4 {[%emt 0:00:00]} e5 {[%emt 0:00:02]} 2. Nf3 {[%emt 0:00:03]} Nc6 {[%emt 0:00:02]} 3. Bb5 {[%emt 0:00:01]} a6 {[%emt 0:00:01]} 4. Ba4 {[%emt 0:00:02]} Nf6 {[%emt 0:00:01]} 5. O-O {[%emt 0:00:01]} Be7 {[%emt 0:00:01]} 6. Re1 {[%emt 0:00:02]} b5 {[%emt 0:00:02]} 7. Bb3 {[%emt 0:00:01]} O-O {[%emt 0:00:01]} 8. h3 {[%emt 0:00:02]} Bb7 {[%emt 0:00:02]} 9. d3 {[%emt 0:00:03]} d5 {[%emt 0:00:02]} 10. exd5 {[%emt 0:00:29]} Nxd5 {[%emt 0:00:00]} 11. Nxe5 {[%emt 0:00:10]} Nd4 {[%emt 0:00:03]} 12. Nc3 {[%emt 0:01:05]} Nb4 {[%emt 0:00:09]} 13. Be3 {[%emt 0:01:24]} Nxb3 {[%emt 0:00:47]} 14. axb3 {[%emt 0:00:00]} f6 {[%emt 0:00:10]} 15. Nf3 {[%emt 0:00:18]} Bxf3 {[%emt 0:00:04]} 16. gxf3 {[%emt 0:00:32]} Qd7 {[%emt 0:00:10]} 17. Kg2 {[%emt 0:00:13]} f5 {[%emt 0:01:29]} 18. f4 {[%emt 0:00:40]} Bd6 {[%emt 0:00:59]} 19. Rc1 {[%emt 0:00:33]} Rf6 {[%emt 0:00:37]} 20. Qf3 {[%emt 0:00:07]} Raf8 {[%emt 0:00:04]} 21. Nd5 {[%emt 0:00:54]} Rg6+ {[%emt 0:00:32]} 22. Kh1 {[%emt 0:01:35]} Qc6 {[%emt 0:04:08]} 23. c4 {[%emt 0:00:13]} Nxd5 {[%emt 0:01:07]} 24. cxd5 {[%emt 0:00:34]} Qd7 {[%emt 0:00:20]} 25. Bc5 {[%emt 0:00:31]} Rd8 {[%emt 0:00:28]} 26. d4 {[%emt 0:02:18]} h6 {[%emt 0:00:36]} 27. b4 {[%emt 0:00:34]} Kh7 {[%emt 0:00:05]} 28. b3 {[%emt 0:00:31]} Qf7 {[%emt 0:00:06]} 29. Re3 {[%emt 0:00:43]} Rd7 {[%emt 0:00:53]} 30. Rc2 {[%emt 0:00:34]} Qg8 {[%emt 0:01:06]} 31. Rc1 {[%emt 0:00:10]} Qa8 {[%emt 0:00:06]} 32. Rc2 {[%emt 0:01:07]} Qd8 {[%emt 0:00:29]} 33. Rc1 {[%emt 0:00:07]} Qf6 {[%emt 0:01:32]} 34. Bxd6 {[%emt 0:00:35]} cxd6 {[%emt 0:00:02]} 35. Rd1 {[%emt 0:00:19]} Qf7 {[%emt 0:00:26]} 36. Rde1 {[%emt 0:00:15]} Rc7 {[%emt 0:00:09]} 37. Re6 {[%emt 0:00:06]} Rf6 {[%emt 0:00:21]} 38. Kh2 {[%emt 0:00:14]} Rg6 {[%emt 0:00:27]} 39. Qd3 {[%emt 0:00:11]} Rf6 {[%emt 0:00:16]} 40. Qf3 {[%emt 0:00:20]} Rg6 {[%emt 0:00:06]} 41. Qd3 {[%emt 0:00:10]} Rf6 {[%emt 0:00:02]} 42. Qf3 {[%emt 0:00:15]} 1/2-1/2

[Event "European Online Club-ch-B 2021"]
[Site "Online"]
[Date "2021.03.27"]
[Round "3.15"]
[White "Veinberg, Nimrod"]
[Black "Wengholm, Anders"]
[Result "1-0"]
[WhiteElo "2404"]
[BlackElo "2198"]
[Annotator "NA"]
[PlyCount "29"]
[EventDate "2021.03.27"]
[EventType "team-tourn"]
[EventCountry "NET"]
[SourceTitle "playchess.com"]
[Source "ChessBase"]
[SourceQuality "1"]
[TimeControl "900+5"]

1. d4 {[%emt 0:00:00]} d6 {[%emt 0:00:02]} 2. c4 {[%emt 0:00:02]} e5 {[%emt 0:00:07]} 3. d5 {[%emt 0:00:02]} f5 {[%emt 0:00:03]} 4. e4 {[%emt 0:00:02]} Nf6 {[%emt 0:00:02]} 5. Nc3 {[%emt 0:00:02]} fxe4 {[%emt 0:00:21]} 6. Bg5 {[%emt 0:00:04]} Bf5 {[%emt 0:00:05]} 7. Nge2 {[%emt 0:00:05]} Be7 {[%emt 0:00:08]} 8. Ng3 {[%emt 0:00:02]} Bg6 {[%emt 0:00:02]} 9. h4 {[%emt 0:00:12]} h6 {[%emt 0:00:07]} 10. Bxf6 {[%emt 0:00:29]} Bxf6 {[%emt 0:00:03]} 11. Ncxe4 {[%emt 0:00:19]} Bxh4 {[%emt 0:00:08]} 12. Qg4 {[%emt 0:00:25]} Bxe4 {[%emt 0:01:01]} 13. Rxh4 {[%emt 0:00:41]} g5 {[%emt 0:00:27]} 14. Qh5+ {[%emt 0:00:17]} Kf8 {[%emt 0:00:30]} 15. Rxe4 {[%emt 0:00:10]} 1-0

[Event "European Online Club-ch-B 2021"]
[Site "Online"]
[Date "2021.03.27"]
[Round "3.16"]
[White "Bjorklund, Thomas"]
[Black "Zlatin, Alexander"]
[Result "0-1"]
[WhiteElo "2174"]
[BlackElo "2343"]
[Annotator "NA"]
[PlyCount "106"]
[EventDate "2021.03.27"]
[EventType "team-tourn"]
[EventCountry "NET"]
[SourceTitle "playchess.com"]
[Source "ChessBase"]
[SourceQuality "1"]
[TimeControl "900+5"]

1. e4 {[%emt 0:00:00]} e5 {[%emt 0:00:02]} 2. Nf3 {[%emt 0:00:02]} Nc6 {[%emt 0:00:02]} 3. Bc4 {[%emt 0:00:02]} Bc5 {[%emt 0:00:02]} 4. b4 {[%emt 0:00:01]} Bb6 {[%emt 0:00:04]} 5. c3 {[%emt 0:00:06]} d6 {[%emt 0:00:08]} 6. a4 {[%emt 0:00:02]} a5 {[%emt 0:00:16]} 7. b5 {[%emt 0:00:05]} Nce7 {[%emt 0:00:31]} 8. Qb3 {[%emt 0:00:04]} Nh6 {[%emt 0:02:02]} 9. d4 {[%emt 0:00:09]} Neg8 {[%emt 0:00:03]} 10. dxe5 {[%emt 0:00:08]} dxe5 {[%emt 0:00:03]} 11. Ba3 {[%emt 0:00:29]} Qf6 {[%emt 0:00:25]} 12. Nbd2 {[%emt 0:00:12]} Bg4 {[%emt 0:00:13]} 13. h3 {[%emt 0:00:05]} Bxf3 {[%emt 0:00:52]} 14. Nxf3 {[%emt 0:00:04]} Ne7 {[%emt 0:00:37]} 15. Rd1 {[%emt 0:00:09]} Ng6 {[%emt 0:00:53]} 16. Rd5 {[%emt 0:00:18]} Ng8 {[%emt 0:01:07]} 17. O-O {[%emt 0:00:14]} N8e7 {[%emt 0:00:02]} 18. Rd2 {[%emt 0:00:18]} O-O {[%emt 0:00:12]} 19. Rfd1 {[%emt 0:00:05]} Nf4 {[%emt 0:00:23]} 20. Rd7 {[%emt 0:00:15]} Rae8 {[%emt 0:00:28]} 21. Bxe7 {[%emt 0:00:39]} Rxe7 {[%emt 0:00:03]} 22. Rxe7 {[%emt 0:00:02]} Qxe7 {[%emt 0:00:03]} 23. Bd5 {[%emt 0:00:06]} Qf6 {[%emt 0:00:19]} 24. c4 {[%emt 0:00:20]} Qg6 {[%emt 0:00:31]} 25. Nh4 {[%emt 0:00:34]} Qg5 {[%emt 0:00:11]} 26. g3 {[%emt 0:00:41]} Nxh3+ {[%emt 0:00:03]} 27. Kg2 {[%emt 0:00:02]} Nxf2 {[%emt 0:00:10]} 28. Rf1 {[%emt 0:00:10]} Ng4 {[%emt 0:00:06]} 29. Rxf7 {[%emt 0:00:21]} Rxf7 {[%emt 0:00:20]} 30. Bxf7+ {[%emt 0:00:04]} Kxf7 {[%emt 0:00:22]} 31. c5+ {[%emt 0:00:03]} Kf8 {[%emt 0:00:16]} 32. cxb6 {[%emt 0:00:05]} Qd2+ {[%emt 0:00:07]} 33. Kh3 {[%emt 0:00:37]} Nf2+ {[%emt 0:00:03]} 34. Kg2 {[%emt 0:00:03]} Nxe4+ {[%emt 0:00:03]} 35. Kf3 {[%emt 0:00:02]} Nf6 {[%emt 0:00:53]} 36. Qa3+ {[%emt 0:00:24]} Kg8 {[%emt 0:00:04]} 37. Qb3+ {[%emt 0:00:13]} Kh8 {[%emt 0:00:05]} 38. Qe3 {[%emt 0:00:22]} e4+ {[%emt 0:00:06]} 39. Kf4 {[%emt 0:00:04]} Nd5+ {[%emt 0:00:15]} 40. Kxe4 {[%emt 0:00:02]} Qxe3+ {[%emt 0:00:03]} 41. Kxd5 {[%emt 0:00:05]} Qxb6 {[%emt 0:00:02]} 42. Nf5 {[%emt 0:00:03]} c6+ {[%emt 0:00:02]} 43. bxc6 {[%emt 0:00:02]} Qxc6+ {[%emt 0:00:01]} 44. Ke5 {[%emt 0:00:01]} Qxa4 {[%emt 0:00:03]} 45. Nd6 {[%emt 0:00:00]} Qa1+ {[%emt 0:00:02]} 46. Ke6 {[%emt 0:00:02]} Qe1+ {[%emt 0:00:02]} 47. Kf7 {[%emt 0:00:03]} Qxg3 {[%emt 0:00:01]} 48. Kf8 {[%emt 0:00:01]} Qxd6+ {[%emt 0:00:02]} 49. Kf7 {[%emt 0:00:02]} Qf6+ {[%emt 0:00:01]} 50. Ke8 {[%emt 0:00:02]} g5 {[%emt 0:00:01]} 51. Kd7 {[%emt 0:00:01]} g4 {[%emt 0:00:01]} 52. Kc7 {[%emt 0:00:02]} g3 {[%emt 0:00:01]} 53. Kb8 {[%emt 0:00:00]} g2 {[%emt 0:00:02]} 0-1

[Event "European Online Club-ch-B 2021"]
[Site "Online"]
[Date "2021.03.27"]
[Round "3.17"]
[White "Efimov, Igor"]
[Black "Demidov, Mikhail"]
[Result "0-1"]
[WhiteElo "2416"]
[BlackElo "2523"]
[Annotator "ChessBase"]
[PlyCount "66"]
[EventDate "2021.03.27"]
[EventType "team-tourn"]
[EventCountry "NET"]
[SourceTitle "playchess.com"]
[Source "ChessBase"]
[SourceQuality "1"]
[TimeControl "900+5"]

1. d4 {[%emt 0:00:00]} g6 {[%emt 0:00:05]} 2. Nc3 {[%emt 0:00:05]} Bg7 {[%emt 0:00:02]} 3. e4 {[%emt 0:00:01]} d6 {[%emt 0:00:02]} 4. Bg5 {[%emt 0:00:02]} h6 {[%emt 0:00:08]} 5. Be3 {[%emt 0:00:03]} a6 {[%emt 0:00:03]} 6. Qd2 {[%emt 0:00:02]} b5 {[%emt 0:00:02]} 7. f3 {[%emt 0:00:02]} Bb7 {[%emt 0:00:01]} 8. a4 {[%emt 0:00:10]} b4 {[%emt 0:00:05]} 9. Nd1 {[%emt 0:00:03]} a5 {[%emt 0:00:03]} 10. c3 {[%emt 0:00:14]} bxc3 {[%emt 0:00:04]} 11. bxc3 {[%emt 0:00:03]} Nf6 {[%emt 0:00:07]} 12. Nf2 {[%emt 0:00:10]} h5 {[%emt 0:00:05]} 13. Ngh3 {[%emt 0:00:17]} O-O {[%emt 0:00:08]} 14. Ng5 {[%emt 0:00:08]} Nbd7 {[%emt 0:00:09]} 15. Bc4 {[%emt 0:00:08]} Nb6 {[%emt 0:00:14]} 16. Bd3 {[%emt 0:00:14]} Ba6 {[%emt 0:00:03]} 17. O-O {[%emt 0:00:06]} Bxd3 {[%emt 0:00:06]} 18. Qxd3 {[%emt 0:00:02]} Qd7 {[%emt 0:00:07]} 19. Qb5 {[%emt 0:00:08]} Qxb5 {[%emt 0:00:18]} 20. axb5 {[%emt 0:00:02]} Nc4 {[%emt 0:00:02]} 21. Bf4 {[%emt 0:00:13]} Rfb8 {[%emt 0:00:08]} 22. Rfb1 {[%emt 0:00:03]} Nd7 {[%emt 0:00:09]} 23. Nd3 {[%emt 0:00:11]} a4 {[%emt 0:02:03]} 24. Nb2 {[%emt 0:00:16]} Ncb6 {[%emt 0:00:38]} 25. Ra3 {[%emt 0:00:05]} Ra5 {[%emt 0:00:25]} 26. Rba1 {[%emt 0:00:20]} e5 {[%emt 0:01:36]} 27. Be3 {[%emt 0:00:15]} Rxb5 {[%emt 0:00:04]} 28. Nxa4 {[%emt 0:00:03]} Nc4 {[%emt 0:00:03]} 29. Kf2 {[%emt 0:01:06]} Nxa3 {[%emt 0:00:42]} 30. Rxa3 {[%emt 0:00:02]} Ra8 {[%emt 0:00:01]} 31. Nc5 {[%emt 0:00:10]} Rxa3 {[%emt 0:00:06]} 32. Nxd7 {[%emt 0:00:01]} Rb2+ {[%emt 0:00:03]} 33. Kg3 {[%emt 0:00:15]} Rxc3 {[%emt 0:00:03]} 0-1

[Event "European Online Club-ch-B 2021"]
[Site "Online"]
[Date "2021.03.27"]
[Round "3.18"]
[White "Andriasyan, Siranush"]
[Black "Bagheri, Amir"]
[Result "0-1"]
[WhiteElo "2298"]
[BlackElo "2348"]
[Annotator "NA"]
[PlyCount "58"]
[EventDate "2021.03.27"]
[EventType "team-tourn"]
[EventCountry "NET"]
[SourceTitle "playchess.com"]
[Source "ChessBase"]
[SourceQuality "1"]
[TimeControl "900+5"]

1. e4 {[%emt 0:00:00]} c6 {[%emt 0:00:07]} 2. d4 {[%emt 0:00:03]} d5 {[%emt 0:00:07]} 3. Nc3 {[%emt 0:00:03]} dxe4 {[%emt 0:00:02]} 4. Nxe4 {[%emt 0:00:00]} Nf6 {[%emt 0:00:02]} 5. Nxf6+ {[%emt 0:00:05]} exf6 {[%emt 0:00:02]} 6. c3 {[%emt 0:00:04]} Be6 {[%emt 0:00:29]} 7. Bd3 {[%emt 0:00:07]} Bd6 {[%emt 0:01:10]} 8. Qc2 {[%emt 0:00:10]} Nd7 {[%emt 0:00:05]} 9. Ne2 {[%emt 0:00:08]} Qc7 {[%emt 0:00:06]} 10. g3 {[%emt 0:01:32]} h5 {[%emt 0:01:27]} 11. Bf4 {[%emt 0:00:32]} h4 {[%emt 0:00:12]} 12. Bxd6 {[%emt 0:00:57]} Qxd6 {[%emt 0:00:03]} 13. Nf4 {[%emt 0:00:15]} O-O-O {[%emt 0:02:45]} 14. Qa4 {[%emt 0:03:31]} Bg4 {[%emt 0:01:47]} 15. Qxa7 {[%emt 0:01:39]} g5 {[%emt 0:00:42]} 16. Qa8+ {[%emt 0:02:29]} Kc7 {[%emt 0:00:22]} 17. Qa5+ {[%emt 0:00:03]} Kb8 {[%emt 0:00:02]} 18. Ng2 {[%emt 0:01:32]} Ne5 {[%emt 0:02:05]} 19. Kd2 {[%emt 0:02:27]} c5 {[%emt 0:00:41]} 20. Ne3 {[%emt 0:00:49]} cxd4 {[%emt 0:01:28]} 21. Nxg4 {[%emt 0:00:04]} dxc3+ {[%emt 0:00:06]} 22. Qxc3 {[%emt 0:00:02]} Nxg4 {[%emt 0:00:05]} 23. Rhd1 {[%emt 0:00:13]} Nxf2 {[%emt 0:00:06]} 24. Ke2 {[%emt 0:00:02]} hxg3 {[%emt 0:00:13]} 25. hxg3 {[%emt 0:00:05]} Nxd1 {[%emt 0:00:08]} 26. Rxd1 {[%emt 0:00:02]} Qxg3 {[%emt 0:00:11]} 27. Qxf6 {[%emt 0:00:12]} Rh2+ {[%emt 0:00:08]} 28. Kf1 {[%emt 0:00:01]} Qg2+ {[%emt 0:00:06]} 29. Ke1 {[%emt 0:00:04]} Re8+ {[%emt 0:00:05]} 0-1

[Event "European Online Club-ch-B 2021"]
[Site "Online"]
[Date "2021.03.27"]
[Round "3.19"]
[White "Villegas, Pierre"]
[Black "Naudion, Gregoire"]
[Result "1-0"]
[WhiteElo "2367"]
[BlackElo "2146"]
[Annotator "NA"]
[PlyCount "75"]
[EventDate "2021.03.27"]
[EventType "team-tourn"]
[EventCountry "NET"]
[SourceTitle "playchess.com"]
[Source "ChessBase"]
[SourceQuality "1"]
[TimeControl "900+5"]

1. d4 {[%emt 0:00:00]} g6 {[%emt 0:00:08]} 2. c4 {[%emt 0:00:03]} Bg7 {[%emt 0:00:02]} 3. Nc3 {[%emt 0:00:02]} c5 {[%emt 0:00:04]} 4. d5 {[%emt 0:00:12]} Bxc3+ {[%emt 0:00:05]} 5. bxc3 {[%emt 0:00:03]} f5 {[%emt 0:00:01]} 6. h4 {[%emt 0:00:02]} Nf6 {[%emt 0:00:03]} 7. h5 {[%emt 0:00:02]} Rg8 {[%emt 0:00:01]} 8. hxg6 {[%emt 0:00:01]} hxg6 {[%emt 0:00:01]} 9. Qa4 {[%emt 0:00:02]} Qb6 {[%emt 0:00:08]} 10. Nf3 {[%emt 0:00:07]} Qa6 {[%emt 0:00:47]} 11. Qxa6 {[%emt 0:00:04]} Nxa6 {[%emt 0:00:08]} 12. Ng5 {[%emt 0:00:13]} d6 {[%emt 0:01:13]} 13. f3 {[%emt 0:00:10]} Nc7 {[%emt 0:01:12]} 14. e4 {[%emt 0:02:30]} fxe4 {[%emt 0:03:48]} 15. fxe4 {[%emt 0:00:07]} Bd7 {[%emt 0:00:04]} 16. Be2 {[%emt 0:01:27]} O-O-O {[%emt 0:03:48]} 17. e5 {[%emt 0:00:38]} dxe5 {[%emt 0:00:02]} 18. Nf7 {[%emt 0:00:02]} Rdf8 {[%emt 0:00:14]} 19. Nxe5 {[%emt 0:00:14]} Bf5 {[%emt 0:00:35]} 20. Be3 {[%emt 0:03:05]} Na6 {[%emt 0:01:14]} 21. g4 {[%emt 0:02:05]} Be4 {[%emt 0:00:03]} 22. Rf1 {[%emt 0:00:02]} Nd7 {[%emt 0:01:26]} 23. Nf7 {[%emt 0:01:02]} b6 {[%emt 0:01:36]} 24. Bh6 {[%emt 0:02:36]} Re8 {[%emt 0:00:09]} 25. Ng5 {[%emt 0:00:04]} Bc2 {[%emt 0:00:06]} 26. Kd2 {[%emt 0:00:45]} Ba4 {[%emt 0:00:03]} 27. Rae1 {[%emt 0:00:29]} Rh8 {[%emt 0:00:06]} 28. Nf7 {[%emt 0:00:06]} Rh7 {[%emt 0:00:03]} 29. Be3 {[%emt 0:00:10]} Rf8 {[%emt 0:00:10]} 30. Ng5 {[%emt 0:00:05]} Rxf1 {[%emt 0:00:03]} 31. Rxf1 {[%emt 0:00:01]} Rh2 {[%emt 0:00:03]} 32. Nf3 {[%emt 0:00:34]} Rg2 {[%emt 0:00:02]} 33. Nh4 {[%emt 0:00:01]} Rh2 {[%emt 0:00:09]} 34. Nxg6 {[%emt 0:00:02]} Nf6 {[%emt 0:00:01]} 35. Nxe7+ {[%emt 0:00:03]} Kd7 {[%emt 0:00:02]} 36. Rxf6 {[%emt 0:00:06]} Kxe7 {[%emt 0:00:02]} 37. g5 {[%emt 0:00:05]} Bd7 {[%emt 0:00:08]} 38. Bf4 {[%emt 0:00:05]} 1-0

[Event "European Online Club-ch-B 2021"]
[Site "Online"]
[Date "2021.03.27"]
[Round "3.20"]
[White "Ferey, Antonin"]
[Black "Meylan, Andre"]
[Result "1-0"]
[WhiteElo "2148"]
[BlackElo "2205"]
[Annotator "NA"]
[PlyCount "73"]
[EventDate "2021.03.27"]
[EventType "team-tourn"]
[EventCountry "NET"]
[SourceTitle "playchess.com"]
[Source "ChessBase"]
[SourceQuality "1"]
[TimeControl "900+5"]

1. d4 {[%emt 0:00:00]} e6 {[%emt 0:00:02]} 2. Nf3 {[%emt 0:00:04]} Nf6 {[%emt 0:00:02]} 3. c4 {[%emt 0:00:02]} b6 {[%emt 0:00:01]} 4. g3 {[%emt 0:00:02]} Bb7 {[%emt 0:00:02]} 5. Bg2 {[%emt 0:00:03]} Be7 {[%emt 0:00:01]} 6. O-O {[%emt 0:00:06]} O-O {[%emt 0:00:00]} 7. d5 {[%emt 0:00:02]} exd5 {[%emt 0:00:02]} 8. cxd5 {[%emt 0:00:01]} c6 {[%emt 0:00:03]} 9. d6 {[%emt 0:00:21]} Bxd6 {[%emt 0:00:19]} 10. Qxd6 {[%emt 0:00:00]} Re8 {[%emt 0:00:05]} 11. Nc3 {[%emt 0:00:11]} Re6 {[%emt 0:00:03]} 12. Qd1 {[%emt 0:00:19]} d5 {[%emt 0:00:02]} 13. Re1 {[%emt 0:00:43]} Nbd7 {[%emt 0:00:22]} 14. Nd4 {[%emt 0:00:30]} Re8 {[%emt 0:00:06]} 15. Nf5 {[%emt 0:00:36]} Nc5 {[%emt 0:00:15]} 16. Bf4 {[%emt 0:00:26]} Ba6 {[%emt 0:01:06]} 17. Nd4 {[%emt 0:01:19]} Qd7 {[%emt 0:00:25]} 18. Rc1 {[%emt 0:00:17]} Rac8 {[%emt 0:00:30]} 19. b4 {[%emt 0:00:26]} Nce4 {[%emt 0:00:31]} 20. Nxe4 {[%emt 0:00:03]} Nxe4 {[%emt 0:00:00]} 21. Qa4 {[%emt 0:00:06]} Bc4 {[%emt 0:00:19]} 22. Nf3 {[%emt 0:02:27]} f6 {[%emt 0:01:16]} 23. Bf1 {[%emt 0:02:30]} g5 {[%emt 0:00:39]} 24. Be3 {[%emt 0:00:06]} h5 {[%emt 0:00:25]} 25. Nd2 {[%emt 0:00:23]} Nd6 {[%emt 0:00:50]} 26. Qc2 {[%emt 0:00:31]} Kg7 {[%emt 0:00:17]} 27. Nxc4 {[%emt 0:00:29]} Nxc4 {[%emt 0:00:00]} 28. Bd4 {[%emt 0:00:03]} c5 {[%emt 0:00:35]} 29. bxc5 {[%emt 0:00:03]} bxc5 {[%emt 0:00:00]} 30. Ba1 {[%emt 0:00:06]} Nd6 {[%emt 0:00:46]} 31. Rcd1 {[%emt 0:00:24]} d4 {[%emt 0:00:19]} 32. e3 {[%emt 0:00:56]} Nf5 {[%emt 0:00:02]} 33. exd4 {[%emt 0:00:32]} cxd4 {[%emt 0:00:02]} 34. Qd3 {[%emt 0:00:10]} Qd5 {[%emt 0:00:26]} 35. Rxe8 {[%emt 0:00:30]} Rxe8 {[%emt 0:00:03]} 36. Bxd4 {[%emt 0:00:12]} Qxa2 {[%emt 0:00:32]} 37. Qxf5 {[%emt 0:00:06]} 1-0

[Event "European Online Club-ch-B 2021"]
[Site "Online"]
[Date "2021.03.27"]
[Round "4.1"]
[White "Chlpik, Martin"]
[Black "Andriasyan, Siranush"]
[Result "1-0"]
[WhiteElo "2199"]
[BlackElo "2298"]
[Annotator "NA"]
[PlyCount "71"]
[EventDate "2021.03.27"]
[EventType "team-tourn"]
[EventCountry "NET"]
[SourceTitle "playchess.com"]
[Source "ChessBase"]
[SourceQuality "1"]
[TimeControl "900+5"]

1. d4 {[%emt 0:00:00]} Nf6 {[%emt 0:00:04]} 2. Bf4 {[%emt 0:00:04]} d5 {[%emt 0:00:16]} 3. e3 {[%emt 0:00:02]} Bf5 {[%emt 0:00:09]} 4. c4 {[%emt 0:00:05]} e6 {[%emt 0:00:23]} 5. Qb3 {[%emt 0:00:35]} b6 {[%emt 0:01:32]} 6. Nf3 {[%emt 0:00:50]} Be7 {[%emt 0:00:57]} 7. cxd5 {[%emt 0:02:29]} exd5 {[%emt 0:01:54]} 8. Bb5+ {[%emt 0:00:09]} Bd7 {[%emt 0:00:30]} 9. Ne5 {[%emt 0:01:18]} c6 {[%emt 0:02:37]} 10. Nxd7 {[%emt 0:01:09]} Qxd7 {[%emt 0:00:00]} 11. Bd3 {[%emt 0:00:05]} Nh5 {[%emt 0:00:30]} 12. Bg3 {[%emt 0:03:53]} Qe6 {[%emt 0:00:37]} 13. Nc3 {[%emt 0:00:32]} Nxg3 {[%emt 0:00:53]} 14. hxg3 {[%emt 0:00:04]} f5 {[%emt 0:00:50]} 15. Ne2 {[%emt 0:00:14]} O-O {[%emt 0:00:51]} 16. Nf4 {[%emt 0:00:17]} Qd6 {[%emt 0:00:10]} 17. g4 {[%emt 0:00:56]} Bg5 {[%emt 0:01:05]} 18. g3 {[%emt 0:00:44]} Bxf4 {[%emt 0:00:30]} 19. gxf4 {[%emt 0:00:02]} c5 {[%emt 0:00:47]} 20. dxc5 {[%emt 0:00:30]} bxc5 {[%emt 0:00:03]} 21. Bxf5 {[%emt 0:00:04]} g6 {[%emt 0:00:10]} 22. Be4 {[%emt 0:00:18]} c4 {[%emt 0:00:08]} 23. Qb7 {[%emt 0:00:02]} Nd7 {[%emt 0:01:05]} 24. Qxd5+ {[%emt 0:00:03]} Qxd5 {[%emt 0:00:02]} 25. Bxd5+ {[%emt 0:00:00]} Kg7 {[%emt 0:00:02]} 26. Bxa8 {[%emt 0:00:02]} Rxa8 {[%emt 0:00:00]} 27. Ke2 {[%emt 0:00:03]} Rb8 {[%emt 0:00:02]} 28. Rab1 {[%emt 0:00:02]} Nc5 {[%emt 0:00:04]} 29. Rhc1 {[%emt 0:00:07]} Rb4 {[%emt 0:00:15]} 30. b3 {[%emt 0:00:48]} Ne4 {[%emt 0:00:26]} 31. f3 {[%emt 0:00:15]} Nd6 {[%emt 0:00:13]} 32. bxc4 {[%emt 0:00:04]} Ra4 {[%emt 0:00:02]} 33. c5 {[%emt 0:00:23]} Rxa2+ {[%emt 0:00:13]} 34. Kd3 {[%emt 0:00:01]} Nc8 {[%emt 0:00:07]} 35. g5 {[%emt 0:00:08]} a5 {[%emt 0:00:14]} 36. Rb7+ {[%emt 0:00:05]} 1-0